000 00267nam a22001097a 4500
082 _a720/YAD
100 _aYadav,Sumit
_983514
245 _aIndian Art and Architecture
260 _aDelhi
_bAradhana Pub.
_c2020
650 _a Art and Architecture
_983515
942 _cBK
999 _c68454
_d68454